000 00646nam a22002417a 4500
001 BR9508596
003 BR-BrBNA
005 20230928094740.0
007 ta
008 230509b bl.||||| |||| 00| 0 por d
040 _aBR-BrBNA
_bpor
_cBiblioteca Nacional de Agricultura
041 _a(Por)
072 _aE50
090 _ E50 BR9508596
100 1 _aMachado, C.G. de P.
245 1 _aAssistencia e previdencia social rural: esquema e consideracoes gerais
260 3 _a[np](Brasil):
_c1951.
300 _a33 p.
650 _aPrevidencia Rural
650 _aAssistencia Social
909 _a202309
_bLucia
_c55
_dLucia Elande
942 _cBK
999 _c52425
_d52425